Εφαρμοσμένη κλινική ψυχολογία στο χώρο της υγείας
Αποθηκεύτηκε σε:
| Κύριος συγγραφέας: | |
|---|---|
| Μορφή: | Βιβλίο |
| Γλώσσα: | Greek |
| Δημοσίευση: |
Αθήνα :
Δέσποινα Μαυρομμάτη,
1985.
|
| Σειρά: | Θέματα κλινικής ψυχολογίας ;
v.1 |
| Θέματα: | |
| Ετικέτες: |
Προσθήκη ετικέτας
Δεν υπάρχουν, Καταχωρήστε ετικέτα πρώτοι!
|
MARC
| LEADER | 00000cam a2200000 i 4500 | ||
|---|---|---|---|
| 001 | 1/71468 | ||
| 008 | 960314s1985####gr | ||| |||| ||gre|| | ||
| 035 | |a 1988 |b 2 |c Αγορά/Καϊλα |l 10030959 | ||
| 035 | |a 1992 |b 3 |c Αγορά/Πολεμικός |l 10030964 | ||
| 035 | |a 1993 |b 1 |c Αγορά/Πολεμικός | ||
| 040 | |a GR-MY-UA |b gre |e aacr | ||
| 041 | 0 | |a gre | |
| 082 | 0 | |a 616.89142 | |
| 100 | 1 | |a Καλαντζή-Αζίζι, Αναστασία. | |
| 245 | 1 | 0 | |a Εφαρμοσμένη κλινική ψυχολογία στο χώρο της υγείας / |c Αναστασίας Καλαντζή-Αζίζι. |
| 260 | |a Αθήνα : |b Δέσποινα Μαυρομμάτη, |c 1985. | ||
| 300 | |a 103 σ. : |b πίν. ; σχήμ. ; |c 24 εκ. | ||
| 490 | 1 | |a (Θέματα κλινικής ψυχολογίας ; |v vol.1) | |
| 500 | |a 2η έκδ. βελτ. 1988, 3η έκδ. βελτ. 1990. | ||
| 504 | |a Βιβλιογραφία: σ. 100. | ||
| 504 | |a Περιέχει βιβλιογραφικές παραπομπές. | ||
| 650 | 0 | 0 | |a Psychotherapy. |
| 650 | 0 | 0 | |a Mentally ill |x Rehabilitation. |
| 650 | 0 | 0 | |a Behavior therapy. |
| 830 | 0 | |a Θέματα κλινικής ψυχολογίας ; |v v.1 | |
| 852 | |a INST |b RHODES |e 19960314 |h 616.89142 ΚΑΛ |p 005400002894 |q 005400002894 |t BK |y 0 | ||
| 852 | |a INST |b RHODES |e 19960314 |h 616.89142 ΚΑΛ |p 005400002895 |q 005400002895 |t BK |y 0 | ||
| 852 | |a INST |b RHODES |e 19960314 |h 616.89142 ΚΑΛ |p 005400002896 |q 005400002896 |t BK |y 0 | ||
| 909 | |a Ρ |b 011650 |c 1988 | ||
| 909 | |a Ρ |b 025658 |c 1993 | ||
| 909 | |a Ρ |b 025059 |c 1992 | ||